[Event "ENCI Limburg-open B"]
[Site "Maastricht"]
[Date "2012.05.26"]
[Round "2"]
[White "Dittmar, Thomas"]
[Black "Goes, Dirk"]
[Result "1/2-1/2"]
[WhiteElo "1947"]
[BlackElo "1954"]
[PlyCount "34"]
[EventDate "2012.05.25"]
[EventType "swiss"]
[EventRounds "7"]
[EventCountry "NED"]
[Source "P.Boonen"]
[SourceDate "2013.01.01"]

1. d4 e6 2. c4 Bb4+ 3. Bd2 Bxd2+ 4. Qxd2 Nf6 5. g3 d5 6. Bg2 c6 7. Nh3 O-O 8.
O-O Nbd7 9. cxd5 exd5 10. Nc3 Nb6 11. Qc2 Bg4 12. Nf4 Qd7 13. Rad1 Bf5 14. Qc1
Rfe8 15. Rfe1 Rad8 16. h3 h6 17. Kh2 Qd6 1/2-1/2

[Event "ENCI Limburg-open B"]
[Site "Maastricht"]
[Date "2012.05.26"]
[Round "2"]
[White "Drose, Daniela"]
[Black "Yue, Tim"]
[Result "1-0"]
[WhiteElo "1964"]
[BlackElo "1931"]
[PlyCount "47"]
[EventDate "2012.05.25"]
[EventType "swiss"]
[EventRounds "7"]
[EventCountry "NED"]
[Source "P.Boonen"]
[SourceDate "2013.01.01"]

1. c4 e5 2. Nc3 Nf6 3. g3 d5 4. cxd5 Nxd5 5. Bg2 c6 6. Nf3 Nxc3 7. bxc3 Bd6 8.
O-O O-O 9. Qc2 f5 10. d4 Nd7 11. Qb3+ Kh8 12. Ng5 Qf6 13. e4 f4 14. dxe5 Bxe5
15. Bxf4 Bxf4 16. gxf4 Qg6 17. Qe6 Rf6 18. Qe7 Rxf4 19. Ne6 Qf6 20. Qe8+ Nf8
21. Nxf4 Qxf4 22. Rad1 Bh3 23. Qxa8 Bxg2 24. Rd8 1-0

[Event "ENCI Limburg-open B"]
[Site "Maastricht"]
[Date "2012.05.26"]
[Round "2"]
[White "Erin, Igor"]
[Black "Bruls, Peter"]
[Result "1/2-1/2"]
[WhiteElo "1748"]
[BlackElo "1833"]
[PlyCount "78"]
[EventDate "2012.05.25"]
[EventType "swiss"]
[EventRounds "7"]
[EventCountry "NED"]
[Source "P.Boonen"]
[SourceDate "2013.01.01"]

1. d4 Nf6 2. c4 e6 3. Bf4 Bb4+ 4. Nd2 Ne4 5. Ngf3 Nxd2 6. Nxd2 O-O 7. e3 Be7 8.
Bd3 d6 9. Qc2 f5 10. h3 Nc6 11. a3 e5 12. dxe5 dxe5 13. Bh2 e4 14. Be2 Bf6 15.
Rd1 Qe7 16. O-O Be6 17. b4 Rad8 18. c5 Ne5 19. Nc4 Ng6 20. Na5 Bc8 21. Bc4+ Kh8
22. Rxd8 Rxd8 23. Rd1 Ne5 24. Rxd8+ Qxd8 25. Bxe5 Bxe5 26. Bb3 h6 27. Nc4 Bf6
28. Nd2 b6 29. c6 Ba6 30. Bc4 Bxc4 31. Nxc4 Qd5 32. Nd2 a5 33. bxa5 Qxa5 34. a4
Qe5 35. Qa2 Qc3 36. Qd5 Qa1+ 37. Kh2 Be5+ 38. g3 Qb2 39. Kg2 Qc3 1/2-1/2

[Event "ENCI Limburg-open B"]
[Site "Maastricht"]
[Date "2012.05.26"]
[Round "2"]
[White "Freer, Glenn"]
[Black "Bos, Robin"]
[Result "0-1"]
[WhiteElo "1913"]
[BlackElo "1878"]
[PlyCount "104"]
[EventDate "2012.05.25"]
[EventType "swiss"]
[EventRounds "7"]
[EventCountry "NED"]
[Source "P.Boonen"]
[SourceDate "2013.01.01"]

1. e4 c5 2. Nc3 Nc6 3. f4 g6 4. Nf3 Bg7 5. Bc4 Nf6 6. O-O d6 7. d3 O-O 8. Qe1
a6 9. a4 Nb4 10. Qe2 b6 11. e5 dxe5 12. fxe5 Nfd5 13. Nxd5 Nxd5 14. Ng5 e6 15.
c3 Rb8 16. Bd2 b5 17. axb5 axb5 18. Ba2 b4 19. Nf3 bxc3 20. bxc3 Rb2 21. Qe1
Qb6 22. Bc4 Bb7 23. Rb1 Ba8 24. Qc1 Rxb1 25. Qxb1 Qc6 26. Qe1 Rb8 27. Bc1 Ne7
28. Bf4 Nf5 29. h3 Rb2 30. Bc1 Rb1 31. Qf2 h5 32. Qc2 Qb7 33. d4 Ng3 34. Re1
Qb6 35. Bd3 Ra1 36. Kf2 Nf5 37. Bxf5 gxf5 38. Be3 Ra3 39. Rb1 Qa5 40. Rb8+ Kh7
41. Ng5+ Kg6 42. Nf3 Be4 43. Qe2 Bxf3 44. Qxf3 Qxc3 45. Qg3+ Kh7 46. Qg5 Qc2+
47. Bd2 Qd1 48. dxc5 Ra1 49. Rd8 Qf1+ 50. Kg3 Qe2 51. Kh4 Ra4+ 52. g4 Rxg4+ 0-1

[Event "ENCI Limburg-open B"]
[Site "Maastricht"]
[Date "2012.05.26"]
[Round "2"]
[White "Freer, Robert"]
[Black "De Ridder, Naomi"]
[Result "1/2-1/2"]
[WhiteElo "1830"]
[BlackElo "1747"]
[PlyCount "53"]
[EventDate "2012.05.25"]
[EventType "swiss"]
[EventRounds "7"]
[EventCountry "NED"]
[Source "P.Boonen"]
[SourceDate "2013.01.01"]

1. e4 e5 2. Nf3 Nc6 3. Bb5 a6 4. Bxc6 dxc6 5. O-O Bg4 6. h3 Bxf3 7. Qxf3 Qf6 8.
d3 Qxf3 9. gxf3 Ne7 10. Be3 O-O-O 11. Nd2 Ng6 12. Rfb1 Be7 13. b4 h6 14. Kf1
Bg5 15. Ke2 Nf4+ 16. Bxf4 Bxf4 17. Nc4 Rhe8 18. a4 b6 19. Na3 Re6 20. Rg1 Bg5
21. c4 Rg6 22. Nc2 Rdd6 23. Rg2 Be7 24. Rag1 Rxg2 25. Rxg2 g6 26. Rg1 Rf6 27.
Ke3 1/2-1/2

[Event "ENCI Limburg-open B"]
[Site "Maastricht"]
[Date "2012.05.26"]
[Round "2"]
[White "Geboers, Jimmy"]
[Black "Pijlman, Rene"]
[Result "0-1"]
[WhiteElo "1954"]
[BlackElo "1990"]
[PlyCount "64"]
[EventDate "2012.05.25"]
[EventType "swiss"]
[EventRounds "7"]
[EventCountry "NED"]
[Source "P.Boonen"]
[SourceDate "2013.01.01"]

1. d4 d5 2. c4 e6 3. Nc3 Be7 4. e3 Nf6 5. Nf3 O-O 6. Bd3 b6 7. O-O Bb7 8. Qe2
Nbd7 9. e4 dxe4 10. Nxe4 c5 11. dxc5 Nxe4 12. Bxe4 Bxe4 13. Qxe4 Nxc5 14. Qc2
Qd3 15. Qxd3 Nxd3 16. Rb1 Bc5 17. Be3 Bxe3 18. fxe3 Rfd8 19. Rfd1 Rac8 20. Rd2
e5 21. Rbd1 e4 22. b3 Re8 23. Nd4 g6 24. Nb5 Re7 25. Nd6 Rc6 26. Nxe4 Nb4 27.
Rd8+ Kg7 28. Nd6 Nxa2 29. Ra1 Nb4 30. Nc8 Rxe3 31. Rxa7 Rf6 32. h3 Nc6 0-1

[Event "ENCI Limburg-open B"]
[Site "Maastricht"]
[Date "2012.05.26"]
[Round "2"]
[White "Geene, Joris"]
[Black "Cornelius, Jorg"]
[Result "0-1"]
[WhiteElo "1612"]
[BlackElo "2036"]
[PlyCount "62"]
[EventDate "2012.05.25"]
[EventType "swiss"]
[EventRounds "7"]
[EventCountry "NED"]
[Source "P.Boonen"]
[SourceDate "2013.01.01"]

1. e4 Nf6 2. e5 Nd5 3. c4 Nb6 4. d4 d6 5. f4 dxe5 6. fxe5 Nc6 7. Be3 Bf5 8. Nf3
e6 9. a3 Bg4 10. Nbd2 Be7 11. Be2 O-O 12. O-O a5 13. Ne4 Qd7 14. Qd3 Rfd8 15.
Rad1 Qe8 16. Qc2 Bf5 17. Bd3 Bg6 18. Neg5 Bxd3 19. Qxd3 g6 20. Qc2 Rd7 21. Ne4
Rad8 22. Bg5 Nxd4 23. Nxd4 Rxd4 24. Bxe7 Qxe7 25. Nf6+ Kg7 26. Rxd4 Rxd4 27.
Qc1 Qc5 28. b4 Qxe5 29. Qc3 Nxc4 30. Qa1 Rf4 31. Rxf4 Qxa1+ 0-1

[Event "ENCI Limburg-open B"]
[Site "Maastricht"]
[Date "2012.05.26"]
[Round "2"]
[White "Gunther, Marcella"]
[Black "Paajala, Niki"]
[Result "1-0"]
[WhiteElo "1937"]
[BlackElo "1967"]
[PlyCount "113"]
[EventDate "2012.05.25"]
[EventType "swiss"]
[EventRounds "7"]
[EventCountry "NED"]
[Source "P.Boonen"]
[SourceDate "2013.01.01"]

1. e4 d5 2. exd5 Qxd5 3. d4 Nf6 4. Nc3 Qa5 5. Nf3 Bf5 6. Bd2 c6 7. Bc4 e6 8.
O-O Nbd7 9. Bf4 Bb4 10. Ne2 Nd5 11. Bg3 N7f6 12. c3 Be7 13. Be5 Qd8 14. Ng3 Bg6
15. Nh4 Bd6 16. Nxg6 hxg6 17. Re1 Qc7 18. Qf3 Bxe5 19. Rxe5 O-O-O 20. b4 Qb6
21. a4 Nxc3 22. Qxc3 Qxd4 23. Qxd4 Rxd4 24. Be2 Rxb4 25. Bf3 Rd8 26. a5 a6 27.
Re2 Rdd4 28. Rc2 Rbc4 29. Rxc4 Rxc4 30. Nf1 Nd5 31. Nd2 Rc2 32. Ne4 f5 33. Ng5
e5 34. Bxd5 cxd5 35. Nf7 e4 36. Ne5 d4 37. Nxg6 d3 38. Ne7+ Kd7 39. Nxf5 d2 40.
Rd1 Rc1 41. Ne3 Rxd1+ 42. Nxd1 Kc6 43. Kf1 Kb5 44. Ke2 Kxa5 45. Kxd2 Kb4 46.
Kc2 b5 47. Nc3 Ka3 48. Nxe4 b4 49. Nd2 a5 50. Nc4+ Ka4 51. Nxa5 Kxa5 52. h4 Kb5
53. h5 Kc5 54. g4 Kd5 55. Kb3 Ke4 56. Kxb4 Kf4 57. f3 1-0

[Event "ENCI Limburg-open B"]
[Site "Maastricht"]
[Date "2012.05.26"]
[Round "2"]
[White "Heijenrath, Jan"]
[Black "Ringeltaube, Denny"]
[Result "1/2-1/2"]
[WhiteElo "1759"]
[BlackElo "1749"]
[PlyCount "41"]
[EventDate "2012.05.25"]
[EventType "swiss"]
[EventRounds "7"]
[EventCountry "NED"]
[Source "P.Boonen"]
[SourceDate "2013.01.01"]

1. d4 Nf6 2. Nf3 e6 3. c4 b6 4. g3 Bb7 5. Bg2 Bb4+ 6. Bd2 Bxd2+ 7. Qxd2 Ne4 8.
Qc2 f5 9. O-O O-O 10. e3 d6 11. Nc3 Nd7 12. Rfd1 Qe8 13. Nb5 Qc8 14. Rac1 a6
15. Nc3 Qe8 16. Nxe4 Bxe4 17. Qd2 Qh5 18. Ne1 Rf6 19. f3 Bb7 20. Qf2 Raf8 21.
f4 1/2-1/2

[Event "ENCI Limburg-open B"]
[Site "Maastricht"]
[Date "2012.05.26"]
[Round "2"]
[White "Henrotte, Nils"]
[Black "Alvarez Carbajales, Fermin"]
[Result "1-0"]
[WhiteElo "1969"]
[BlackElo "1954"]
[PlyCount "53"]
[EventDate "2012.05.25"]
[EventType "swiss"]
[EventRounds "7"]
[EventCountry "NED"]
[Source "P.Boonen"]
[SourceDate "2013.01.01"]

1. d4 d6 2. Nf3 g6 3. Bf4 Bg7 4. e3 Nd7 5. h3 Ngf6 6. Nbd2 O-O 7. Be2 c5 8. c3
b6 9. O-O Bb7 10. Qb1 a6 11. Rc1 b5 12. a4 Qb6 13. b4 cxb4 14. axb5 bxc3 15.
Rxc3 Nd5 16. Rb3 Nxf4 17. exf4 Bd5 18. Nc4 Bxc4 19. Bxc4 axb5 20. Rxa8 Rxa8 21.
Qe4 Qa7 22. Bxf7+ Kxf7 23. Ng5+ Ke8 24. Qe6 Qxd4 25. Qf7+ Kd8 26. Ne6+ Kc8 27.
Qe8+ 1-0

[Event "ENCI Limburg-open B"]
[Site "Maastricht"]
[Date "2012.05.26"]
[Round "2"]
[White "Ibrahim, Ashraf"]
[Black "Ramaekers, Philippe"]
[Result "0-1"]
[WhiteElo "1749"]
[BlackElo "1896"]
[PlyCount "80"]
[EventDate "2012.05.25"]
[EventType "swiss"]
[EventRounds "7"]
[EventCountry "NED"]
[Source "P.Boonen"]
[SourceDate "2013.01.01"]

1. d4 f5 2. g4 fxg4 3. e4 d5 4. e5 Bf5 5. Be2 Qd7 6. Be3 Nc6 7. f3 h5 8. Nd2
Nb4 9. Rc1 Nxa2 10. Ra1 Nb4 11. Rc1 Nh6 12. Nb3 e6 13. c3 Nc6 14. h3 gxh3 15.
Nxh3 Bxh3 16. Bxh6 Rxh6 17. Rxh3 O-O-O 18. Bb5 a6 19. Bd3 g5 20. Qe2 Nb8 21.
Ra1 Qf7 22. Na5 c5 23. dxc5 Bxc5 24. b4 Bb6 25. c4 Qc7 26. Nb3 dxc4 27. Bxc4
Nc6 28. Rc1 Kb8 29. b5 axb5 30. Bxb5 g4 31. fxg4 Ba5+ 32. Nxa5 Qxa5+ 33. Kf2
Rd2 34. gxh5 Rxe2+ 35. Bxe2 Qxe5 36. Rf3 Qh2+ 37. Ke1 Qg1+ 38. Kd2 Qd4+ 39. Ke1
Ne5 40. Rf8+ Ka7 0-1

[Event "ENCI Limburg-open B"]
[Site "Maastricht"]
[Date "2012.05.26"]
[Round "2"]
[White "Johnen, Franz"]
[Black "Gerlagh, Joris"]
[Result "0-1"]
[WhiteElo "1845"]
[BlackElo "1777"]
[PlyCount "90"]
[EventDate "2012.05.25"]
[EventType "swiss"]
[EventRounds "7"]
[EventCountry "NED"]
[Source "P.Boonen"]
[SourceDate "2013.01.01"]

1. d4 f5 2. Nf3 g6 3. e3 Nf6 4. c4 Bg7 5. Nc3 O-O 6. Be2 d6 7. O-O Nc6 8. a3 a6
9. Qc2 Re8 10. d5 Ne5 11. Nxe5 dxe5 12. Rd1 Bd7 13. b3 Qc8 14. Bb2 c6 15. Rac1
cxd5 16. Nxd5 Nxd5 17. cxd5 Qxc2 18. Rxc2 Rac8 19. Rdc1 Rxc2 20. Rxc2 Rc8 21.
Rxc8+ Bxc8 22. a4 e4 23. Ba3 Kf7 24. Bc4 e6 25. Bc5 Bd7 26. b4 Bxa4 27. dxe6+
Ke8 28. e7 Bf6 29. f3 exf3 30. gxf3 Bxe7 31. Kf2 Bxc5 32. bxc5 Ke7 33. h4 Bc6
34. Kg3 Kf6 35. Kf4 h6 36. e4 g5+ 37. hxg5+ hxg5+ 38. Ke3 fxe4 39. f4 g4 40.
Kf2 Kf5 41. Kg3 e3 42. Bg8 Bf3 43. Bh7+ Kf6 44. Bd3 e2 45. Kf2 g3+ 0-1

[Event "ENCI Limburg-open B"]
[Site "Maastricht"]
[Date "2012.05.26"]
[Round "2"]
[White "Karstens, Lex"]
[Black "Modder, Frank"]
[Result "0-1"]
[WhiteElo "1854"]
[BlackElo "1896"]
[PlyCount "88"]
[EventDate "2012.05.25"]
[EventType "swiss"]
[EventRounds "7"]
[EventCountry "NED"]
[Source "P.Boonen"]
[SourceDate "2013.01.01"]

1. d4 d5 2. Bg5 h6 3. Bh4 c6 4. Nf3 Qb6 5. Qc1 Bf5 6. c4 e6 7. Nc3 Nd7 8. e3
Ngf6 9. c5 Qd8 10. Be2 Be7 11. O-O O-O 12. Bg3 Ne4 13. Nxe4 Bxe4 14. b4 Bf6 15.
a4 Qe7 16. Bd6 Qd8 17. Bxf8 Qxf8 18. Nd2 Bh7 19. Nb3 e5 20. Bg4 Qe7 21. Bxd7
Qxd7 22. dxe5 Bxe5 23. Nd4 Qg4 24. Qd1 Qe4 25. Ra3 a6 26. f4 Bf6 27. Qf3 Qe7
28. f5 a5 29. Rb3 axb4 30. Rxb4 Qxc5 31. Rfb1 Re8 32. Rxb7 Bxd4 33. exd4 Qxd4+
34. Qf2 Qe5 35. Qa7 Bxf5 36. Rd1 Bg6 37. Qd4 Qe2 38. Qd2 Qg4 39. h3 Qxa4 40.
Rb4 Qa3 41. Re1 Be4 42. Re3 Qa7 43. Kh1 Bxg2+ 44. Qxg2 Qxe3 0-1

[Event "ENCI Limburg-open B"]
[Site "Maastricht"]
[Date "2012.05.26"]
[Round "2"]
[White "Keetman, Maaike"]
[Black "Hogerhorst, Tony"]
[Result "0-1"]
[WhiteElo "1788"]
[BlackElo "1950"]
[PlyCount "118"]
[EventDate "2012.05.25"]
[EventType "swiss"]
[EventRounds "7"]
[EventCountry "NED"]
[Source "P.Boonen"]
[SourceDate "2013.01.01"]

1. e4 c5 2. Nc3 g6 3. d4 Bg7 4. Nf3 cxd4 5. Nxd4 Nc6 6. Be3 d6 7. Qd2 Bd7 8.
O-O-O Nf6 9. f3 Rc8 10. g4 Ne5 11. h3 a6 12. f4 Nc4 13. Bxc4 Rxc4 14. e5 Ng8
15. exd6 exd6 16. Rhe1 Ne7 17. f5 O-O 18. Qe2 Rxc3 19. bxc3 Qa5 20. Kb2 Rc8 21.
Rd3 Nd5 22. Bd2 Qa4 23. Qe4 Nb4 24. a3 Nxd3+ 25. cxd3 Bxd4 26. Qxd4 Qxd4 27.
cxd4 gxf5 28. gxf5 Bxf5 29. Bh6 Bxd3 30. Rg1+ Bg6 31. h4 Rc2+ 32. Kb3 Rh2 33.
Rc1 f6 34. Rc8+ Kf7 35. Rc7+ Ke6 36. Rxb7 Rxh4 37. Bd2 Rxd4 38. Bc3 Rd5 39. Ra7
Bd3 40. a4 h5 41. Ra8 Kf5 42. Rf8 Kg4 43. Bxf6 Rf5 44. Rg8+ Kf3 45. Bh4 d5 46.
Rg3+ Ke4 47. Kc3 Bc4 48. Rg1 Rf3+ 49. Kd2 Rd3+ 50. Kc1 Rh3 51. Bf2 Ra3 52. Rg5
Be2 53. Kd2 Bg4 54. a5 Rxa5 55. Bg3 Ra2+ 56. Kc1 d4 57. Re5+ Kf3 58. Be1 Re2
59. Rxe2 Kxe2 0-1

[Event "ENCI Limburg-open B"]
[Site "Maastricht"]
[Date "2012.05.26"]
[Round "2"]
[White "Klein, Gernot"]
[Black "Blijlevens, Pim"]
[Result "0-1"]
[WhiteElo "1971"]
[BlackElo "1920"]
[PlyCount "148"]
[EventDate "2012.05.25"]
[EventType "swiss"]
[EventRounds "7"]
[EventCountry "NED"]
[Source "P.Boonen"]
[SourceDate "2013.01.01"]

1. e4 c5 2. Nf3 Nc6 3. Nc3 g6 4. d4 cxd4 5. Nxd4 Bg7 6. Be3 d6 7. Qd2 Nf6 8. f3
a6 9. Bc4 Qa5 10. O-O-O Ne5 11. Bb3 b5 12. Kb1 Nc4 13. Bxc4 bxc4 14. g4 Nd7 15.
h4 h5 16. gxh5 Rxh5 17. f4 Bb7 18. Rh2 Bf6 19. Rg1 O-O-O 20. Qe2 Kb8 21. f5 Ne5
22. fxg6 fxg6 23. Ne6 Rdh8 24. Nf4 Rxh4 25. Rxh4 Rxh4 26. Nxg6 Nxg6 27. Rxg6
Bxc3 28. Rg8+ Kc7 29. Qxc4+ Kd7 30. bxc3 Rxe4 31. Bd4 Qb5+ 32. Qxb5+ axb5 33.
a3 Re1+ 34. Kb2 Re2 35. Rf8 Bd5 36. Rf2 Re1 37. Rh2 Kc6 38. Bf2 Re4 39. Bg3 Rg4
40. Bf2 Bc4 41. Bh4 e5 42. Be7 Rg6 43. Rf2 Re6 44. Bg5 e4 45. Be3 Rg6 46. Kc1
Rg1+ 47. Kd2 Be6 48. Rf6 Rg2+ 49. Rf2 Rg8 50. Rf6 Kd5 51. Rh6 Rg2+ 52. Kc1 Re2
53. Bd4 e3 54. Rh5+ Ke4 55. Rxb5 Re1+ 56. Kb2 e2 57. Bf2 Rh1 58. Rb8 Kf3 59.
Rf8+ Kg2 60. Rf6 Bc4 61. Rf4 d5 62. Rh4 Rf1 63. Rxc4 Rxf2 64. Rg4+ Kf1 65. Rh4
Rg2 66. Rf4+ Kg1 67. Rd4 e1=Q 68. Rxd5 Qe2 69. Kb3 Qxc2+ 70. Kb4 Rg4+ 71. Kb5
Qxc3 72. a4 Rb4+ 73. Ka6 Qc6+ 74. Ka7 Qb7# 0-1

[Event "ENCI Limburg-open B"]
[Site "Maastricht"]
[Date "2012.05.26"]
[Round "2"]
[White "Koelmans, Jan Willem"]
[Black "Kuck, Ulrich"]
[Result "1/2-1/2"]
[WhiteElo "2027"]
[BlackElo "1898"]
[PlyCount "76"]
[EventDate "2012.05.25"]
[EventType "swiss"]
[EventRounds "7"]
[EventCountry "NED"]
[Source "P.Boonen"]
[SourceDate "2013.01.01"]

1. d4 c5 2. d5 Nf6 3. c4 e6 4. Nc3 exd5 5. cxd5 d6 6. e4 g6 7. h3 a6 8. a4 Bg7
9. Nf3 Nbd7 10. Bd3 Nh5 11. g4 Nhf6 12. Bf4 Qe7 13. O-O h5 14. g5 Nh7 15. h4
O-O 16. Qd2 Re8 17. Kg2 Nhf8 18. Rae1 Ne5 19. Nxe5 Bxe5 20. Bxe5 Qxe5 21. f4
Qd4 22. Qe3 Qb4 23. Qf2 Bd7 24. e5 Bf5 25. Bxf5 gxf5 26. exd6 Rxe1 27. Rxe1 Rd8
28. Re5 Ng6 29. Rxf5 Nxh4+ 30. Qxh4 Qxb2+ 31. Qf2 Qxc3 32. Rf6 b5 33. Qe2 Qd4
34. Qe7 Qxd5+ 35. Kg3 h4+ 36. Kxh4 Qh1+ 37. Kg4 Qg2+ 38. Kh4 Qh2+ 1/2-1/2

[Event "ENCI Limburg-open B"]
[Site "Maastricht"]
[Date "2012.05.26"]
[Round "2"]
[White "Lecomte, Robin"]
[Black "Lemmen, Raoul"]
[Result "0-1"]
[WhiteElo "1798"]
[BlackElo "1907"]
[PlyCount "82"]
[EventDate "2012.05.25"]
[EventType "swiss"]
[EventRounds "7"]
[EventCountry "NED"]
[Source "P.Boonen"]
[SourceDate "2013.01.01"]

1. e4 d5 2. exd5 Nf6 3. Nf3 Nxd5 4. Bc4 c6 5. O-O Bg4 6. c3 e6 7. d4 Bd6 8.
Nbd2 Nd7 9. Ne4 Bc7 10. Bg5 f6 11. Bh4 O-O 12. Bg3 e5 13. Be2 Bxf3 14. gxf3 f5
15. c4 N5b6 16. Nc5 Qe7 17. Nxd7 Nxd7 18. h3 Rf6 19. Re1 f4 20. Bh2 Rg6+ 21.
Kh1 Qh4 22. Bd3 Rg5 23. Rg1 Rxg1+ 24. Qxg1 Qxh3 25. Be4 Nf6 26. d5 Nxe4 27.
fxe4 Qd3 28. Qg2 Qxc4 29. Rg1 g6 30. b3 Qe2 31. Rc1 Bb6 32. Bg1 Qh5+ 33. Bh2
cxd5 34. exd5 Rd8 35. Qe4 Bxf2 36. d6 Bg3 37. Qd5+ Kf8 38. Rc2 e4 39. Qxe4 Qd1+
40. Bg1 Re8 41. Qg2 Qh5+ 0-1

[Event "ENCI Limburg-open B"]
[Site "Maastricht"]
[Date "2012.05.26"]
[Round "2"]
[White "Marinc, Damir"]
[Black "Senders, Justin"]
[Result "1-0"]
[WhiteElo "2012"]
[BlackElo "1902"]
[PlyCount "71"]
[EventDate "2012.05.25"]
[EventType "swiss"]
[EventRounds "7"]
[EventCountry "NED"]
[Source "P.Boonen"]
[SourceDate "2013.01.01"]

1. e4 c5 2. Nf3 d6 3. Bb5+ Bd7 4. Bxd7+ Qxd7 5. O-O Nc6 6. c3 Nf6 7. Re1 e6 8.
d4 cxd4 9. cxd4 Be7 10. Nc3 O-O 11. h3 Rac8 12. Bf4 a6 13. d5 Nd8 14. a4 e5 15.
Bh2 b6 16. Qd3 Qa7 17. Bxe5 dxe5 18. d6 Nc6 19. dxe7 Qxe7 20. Qxa6 Nb4 21. Qe2
Rc6 22. Red1 Rfc8 23. Rd2 Nh5 24. g3 Rg6 25. Kh2 Rh6 26. Nh4 Nf4 27. Qg4 Qe6
28. Nf5 Rg6 29. Ne7+ Kf8 30. Qxe6 Nxe6 31. Nxc8 Nd4 32. Kg2 Rc6 33. Na7 Rc5 34.
Nab5 Nb3 35. Rd8+ Ke7 36. Rad1 1-0

[Event "ENCI Limburg-open B"]
[Site "Maastricht"]
[Date "2012.05.26"]
[Round "2"]
[White "Meul, Willi"]
[Black "Braam, Marco"]
[Result "1/2-1/2"]
[WhiteElo "1879"]
[BlackElo "1707"]
[PlyCount "107"]
[EventDate "2012.05.25"]
[EventType "swiss"]
[EventRounds "7"]
[EventCountry "NED"]
[Source "P.Boonen"]
[SourceDate "2013.01.01"]

1. d4 d5 2. Nf3 e6 3. e3 c5 4. c3 Nf6 5. Bd3 Nc6 6. Nbd2 c4 7. Bc2 Be7 8. O-O
O-O 9. e4 dxe4 10. Nxe4 Qc7 11. Qe2 b5 12. Bg5 Nd5 13. Bxe7 Ncxe7 14. Neg5 h6
15. Ne4 Qf4 16. Nc5 Qg4 17. Qe4 Qxe4 18. Bxe4 a5 19. a3 Ra7 20. Rfe1 Rd8 21. g3
Nf6 22. Bc2 a4 23. Ne5 Nd7 24. Ncxd7 Bxd7 25. f4 Bc6 26. Nxc6 Nxc6 27. Be4 Ne7
28. Re2 g6 29. Rae1 Kg7 30. Bg2 Rad7 31. Re5 Nd5 32. Kf2 Rd6 33. Kf3 Kf6 34. h4
Kg7 35. g4 Kf6 36. g5+ Kg7 37. gxh6+ Kxh6 38. h5 gxh5 39. Rh1 f5 40. Rh4 Rg8
41. Kf2 Rg4 42. Rxg4 hxg4 43. Bxd5 Rxd5 44. Rxe6+ Kg7 45. Kg3 Kf7 46. Re2 Kf6
47. Re8 Kf7 48. Re3 Kg7 49. Re5 Rxe5 50. fxe5 Kf7 51. d5 Ke7 52. Kf4 Kf7 53.
Kg3 Ke7 54. Kf4 1/2-1/2

[Event "ENCI Limburg-open B"]
[Site "Maastricht"]
[Date "2012.05.26"]
[Round "2"]
[White "Mischke, Daniel"]
[Black "Bauchmueller, Franz Josef"]
[Result "1-0"]
[WhiteElo "1718"]
[BlackElo "1841"]
[PlyCount "101"]
[EventDate "2012.05.25"]
[EventType "swiss"]
[EventRounds "7"]
[EventCountry "NED"]
[Source "P.Boonen"]
[SourceDate "2013.01.01"]

1. d4 d5 2. c4 e5 3. dxe5 d4 4. Nf3 Nc6 5. g3 Bg4 6. Nbd2 Bb4 7. Bg2 Nge7 8.
O-O O-O 9. a3 Bxd2 10. Qxd2 Bxf3 11. Bxf3 Rb8 12. Rd1 Nxe5 13. Qxd4 Nxf3+ 14.
exf3 Nc6 15. Qxd8 Rbxd8 16. Bf4 Nd4 17. Bxc7 Rd7 18. Kg2 Rc8 19. Be5 Rcd8 20.
Rxd4 Rxd4 21. Bxd4 Rxd4 22. Re1 Kf8 23. b3 f5 24. f4 h5 25. Re3 Kf7 26. c5 Rd7
27. b4 a6 28. Rc3 Rc7 29. Rd3 Ke7 30. Kf3 Rd7 31. Ke3 Rc7 32. Rd5 g6 33. Rd6
Kf7 34. Kd4 Re7 35. Kd5 Rc7 36. c6 bxc6+ 37. Rxc6 Ra7 38. Kd6 Ra8 39. a4 Rb8
40. Kc5 Ra8 41. b5 axb5 42. axb5 Ra2 43. b6 Rc2+ 44. Kd6 Rd2+ 45. Kc7 Re2 46.
b7 Re7+ 47. Kb6 Re2 48. Rc5 Re6+ 49. Rc6 Re2 50. b8=Q Rb2+ 51. Ka7 1-0

[Event "ENCI Limburg-open B"]
[Site "Maastricht"]
[Date "2012.05.26"]
[Round "2"]
[White "Peter, Laurenz"]
[Black "Billot, Daniel"]
[Result "1-0"]
[WhiteElo "1880"]
[BlackElo "1711"]
[PlyCount "39"]
[EventDate "2012.05.25"]
[EventType "swiss"]
[EventRounds "7"]
[EventCountry "NED"]
[Source "P.Boonen"]
[SourceDate "2013.01.01"]

1. d4 Nf6 2. c4 c5 3. Nf3 g6 4. g3 Bg7 5. Bg2 O-O 6. Nc3 d6 7. O-O Nbd7 8. e4
cxd4 9. Nxd4 Nc5 10. b4 Ne6 11. Be3 Ng4 12. Qxg4 Nxd4 13. Qd1 Nc6 14. Qb3 Be6
15. Rad1 Qc8 16. Nd5 Bh3 17. b5 Bxg2 18. Kxg2 e6 19. bxc6 exd5 20. cxb7 1-0

[Event "ENCI Limburg-open B"]
[Site "Maastricht"]
[Date "2012.05.26"]
[Round "2"]
[White "Pirard, Natan"]
[Black "Van der Scheur, Dirk"]
[Result "1/2-1/2"]
[WhiteElo "1748"]
[BlackElo "1951"]
[PlyCount "73"]
[EventDate "2012.05.25"]
[EventType "swiss"]
[EventRounds "7"]
[EventCountry "NED"]
[Source "P.Boonen"]
[SourceDate "2013.01.01"]

1. e4 c5 2. Nf3 d6 3. d4 cxd4 4. Nxd4 Nf6 5. f3 a6 6. c4 g6 7. Nc3 Bg7 8. Be3
Nc6 9. Qd2 Bd7 10. Be2 Rc8 11. O-O O-O 12. Rfc1 e6 13. Rd1 Ne8 14. Nxc6 Bxc6
15. c5 Rc7 16. Bf4 Rd7 17. cxd6 Nxd6 18. Qe3 Qe7 19. Qc5 Nc8 20. Qxe7 Nxe7 21.
Rxd7 Bxd7 22. Bd6 Re8 23. e5 Bc6 24. Bc4 Nf5 25. f4 Bxg2 26. Bxa6 Bc6 27. Bb5
Nxd6 28. Bxc6 bxc6 29. exd6 Rd8 30. Rd1 Bh6 31. Ne2 Bf8 32. Kf2 Rxd6 33. Rxd6
Bxd6 34. Ke3 Kf8 35. Nd4 c5 36. Nb5 Bb8 37. a4 1/2-1/2

[Event "ENCI Limburg-open B"]
[Site "Maastricht"]
[Date "2012.05.26"]
[Round "2"]
[White "Roefe, Detlef"]
[Black "Dorr, Yannick"]
[Result "1-0"]
[WhiteElo "1993"]
[BlackElo "1902"]
[PlyCount "128"]
[EventDate "2012.05.25"]
[EventType "swiss"]
[EventRounds "7"]
[EventCountry "NED"]
[Source "P.Boonen"]
[SourceDate "2013.01.01"]

1. d4 Nf6 2. c4 g6 3. Nf3 Bg7 4. Nbd2 O-O 5. e3 d6 6. b3 Nbd7 7. Bb2 b6 8. Be2
Re8 9. O-O e5 10. dxe5 dxe5 11. Qc2 Bb7 12. b4 Qe7 13. a3 c5 14. bxc5 Qxc5 15.
Bc3 e4 16. Nd4 Qg5 17. Nb5 Re7 18. Qb2 Nc5 19. Qc2 Bc8 20. Kh1 Qh4 21. f3 Bf5
22. Nd6 exf3 23. Nxf5 fxg2+ 24. Kxg2 gxf5 25. Bd4 Qg5+ 26. Kh1 Ng4 27. Rxf5
Nxe3 28. Rxg5 Nxc2 29. Rxg7+ Kf8 30. Rag1 Rxe2 31. Bxc5+ bxc5 32. Rg8+ Ke7 33.
Rxa8 Rxd2 34. Rxa7+ Ke6 35. Rf1 f5 36. a4 Ne3 37. Re1 f4 38. Rxh7 Ra2 39. Ra7
Kf5 40. Ra5 Kg4 41. Rxc5 Rxa4 42. Rc8 Nxc4 43. Rg8+ Kf5 44. Rf8+ Kg4 45. Rg1+
Kf3 46. Rf1+ Ke2 47. R8xf4 Ra5 48. Rf8 Ne3 49. Rb1 Ng4 50. Rb2+ Ke3 51. h3 Ne5
52. Kg2 Ng6 53. Re8+ Kf4 54. Rb4+ Kf5 55. Reb8 Ra2+ 56. Kg3 Ra3+ 57. Rb3 Ra1
58. R8b5+ Kf6 59. Rf3+ Kg7 60. Rb7+ Kh6 61. Rb6 Kg7 62. Rc3 Kh7 63. Rc7+ Kh6
64. Rcc6 Kh5 {.....} 1-0